000
00309nam a22001217a 4500
008
150916t xxu||||| |||| 00| 0 eng d
020
_a
0-7514-0186-2
082
_a
572.63
100
_a
edited by R.Y. Yada
_9
1176
245
_a
Protein structure function relationships in foods
300
_a
202
942
_2
ddc
_c
BK
999
_c
17341
_d
17341